Loading...
Thought - Social Science | 0 | 3 | 0 | 0 | 30 | 78 | 88.67 | 0 | 1 |
Beliefs - Mythology | 1 | 2 | 1 | 0 | 30 | 65 | 101.00 | 1 | 1 |
Literature - Euro Lit | 1 | 2 | 1 | 0 | 30 | 47 | 93.33 | 0 | 3 |
Other - Other Academic | 1 | 1 | 0 | 1 | 25 | 61 | 96.00 | 1 | 1 |
Beliefs - Religion | 0 | 2 | 0 | 1 | 20 | 90 | 104.00 | 0 | 1 |
Arts - Music | 0 | 2 | 0 | 0 | 20 | 108 | 114.00 | 0 | 0 |
Thought - Philosophy | 0 | 2 | 2 | 0 | 10 | 83 | 102.50 | 0 | 2 |
History - World History | 0 | 1 | 0 | 0 | 10 | 78 | 78.00 | 0 | 0 |
Literature - American Lit | 0 | 1 | 0 | 0 | 10 | 134 | 134.00 | 0 | 0 |
Other - Pop Culture | 0 | 1 | 0 | 0 | 10 | 106 | 106.00 | 0 | 0 |
Science - Other Science | 0 | 1 | 0 | 0 | 10 | 72 | 72.00 | 0 | 1 |
Arts - Painting | 0 | 2 | 2 | 1 | 10 | 121 | 121.00 | 0 | 0 |
Other - Geo/CE | 0 | 1 | 1 | 0 | 5 | 89 | 89.00 | 0 | 0 |
Literature - British Lit | 0 | 1 | 2 | 0 | 0 | 84 | 84.00 | 0 | 1 |
Science - Biology | 0 | 0 | 1 | 0 | -5 | 0.00 | 0 | 0 | |
Arts - Other Arts | 0 | 0 | 2 | 0 | -10 | 0.00 | 0 | 0 |